000 00347 a2200157 4500
001 71619
020 _a
040 _cAnchieta - Colégio São Paulo
240 1 0 _aJoão e o pé de feijão
_lpor
245 1 0 _aJoão e o pé de feijão
300 _a[9p.]
362 0 _a0
440 1 _aFTD
650 4 _aLiteratura infanto-juvenil
942 _cBK
999 _c71619
_d71619